Estado y capital: los límites de la intervención estatal y el capitalismo global /
El autor reflexiona sobre el deterioro de la capacidad del Estado para intervenir en el proceso de reproducción económico-social en condiciones relativamente estables de legitimidad y consenso social
Guardat en:
| Autor principal: | |
|---|---|
| Format: | Text |
| Matèries: | |
| Etiquetes: |
Afegir etiqueta
Sense etiquetes, Sigues el primer a etiquetar aquest registre!
|
MARC
| LEADER | 00000 a a2200000 04500 | ||
|---|---|---|---|
| 001 | 18731 | ||
| 003 | |||
| 040 | |||
| 100 | |a Solís González, José Luis | ||
| 245 | |a Estado y capital: los límites de la intervención estatal y el capitalismo global / |c José Luis Solís González | ||
| 520 | |a El autor reflexiona sobre el deterioro de la capacidad del Estado para intervenir en el proceso de reproducción económico-social en condiciones relativamente estables de legitimidad y consenso social | ||
| 650 | |a INTERVENCION DEL ESTADO | ||
| 650 | |a CAPITALISMO | ||
| 650 | |a CRISIS ECONOMICA | ||
| 650 | |a DESARROLLO SOSTENIBLE | ||
| 650 | |a MARXISMO | ||
| 773 | |g volumen 10, número 26; páginas 53-65 | ||
| 999 | |c 20955 |d 20955 | ||
